Powder Mixing /
Salvato in:
| Autore principale: | |
|---|---|
| Natura: | Libro |
| Lingua: | inglese |
| Pubblicazione: |
Great Britain
Chapman and Hall
1997
|
| Edizione: | 1. vyd. |
| Soggetti: | |
| Tags: |
Nessun Tag, puoi essere il primo ad aggiungerne!!
|
MARC
| LEADER | 00000nam a22000003a 4500 | ||
|---|---|---|---|
| 001 | 0010904 | ||
| 003 | SK-STU | ||
| 005 | 20160108124023.9 | ||
| 007 | ta | ||
| 008 | 160108s ----xo-----e------000-0-----d | ||
| 020 | |a 0-412-40340-4 | ||
| 040 | |a STU |b slo | ||
| 041 | 0 | |a eng |h eng | |
| 100 | 1 | |a Kaye, Brian H. |4 aut | |
| 245 | 1 | 0 | |a Powder Mixing / |c aut. Brian H Kaye |
| 250 | |a 1. vyd. | ||
| 260 | |a Great Britain |b Chapman and Hall |c 1997 | ||
| 300 | |a 263 s. | ||
| 650 | 0 | 7 | |a materiálová technológia |
| 996 | |b 284J044577 |c J* 117848 |l JJSK |s A |a 24 |w 0010904_0001 | ||